[Event "DEM U14w 2011"]
[Site "Oberhof GER"]
[Date "2011.06.18"]
[Round "9"]
[White "Rosmait, Emily"]
[Black "Genath, Maren"]
[Result "1/2-1/2"]
[Termination "normal"]
[Board "11"]
[WhiteElo "1253"]
[BlackElo "1225"]
[PlyCount "45"]
[WhiteFideId "12937754"]
[EventCountry "GER"]
[EventRounds "9"]
[EventType "swiss"]
[EventDate "2011.06.11"]

1. e4 c6 2. d4 d5 3. exd5 cxd5 4. Bd3 Nc6 5. c3 Nf6 6. Bf4 e6 7. Nf3 Bd6 8.
Bxd6 Qxd6 9. O-O Ne4 10. Re1 f5 11. Nbd2 Bd7 12. Qc2 O-O 13. Bxe4 fxe4 14. Ng5
h6 15. Nh3 Rac8 16. Nb3 Nb4 17. Qd2 Nd3 18. Re3 Bb5 19. Rg3 Nf4 20. Nxf4 Rxf4
21. Qe3 Rcf8 22. f3 b6 23. Nd2 1/2-1/2

[Event "DEM U14w 2011"]
[Site "Oberhof GER"]
[Date "2011.06.18"]
[Round "9"]
[White "Rahimi, Anita"]
[Black "Denz, Annika"]
[Result "1-0"]
[Termination "normal"]
[Board "12"]
[WhiteElo "1341"]
[BlackElo "1261"]
[PlyCount "117"]
[WhiteFideId "24692336"]
[BlackFideId "12922935"]
[EventCountry "GER"]
[EventRounds "9"]
[EventType "swiss"]
[EventDate "2011.06.11"]

1. d4 d5 2. Bf4 Nf6 3. e3 c5 4. c3 Qb6 5. Qb3 c4 6. Qc2 Nc6 7. Nf3 g6 8. Be2
Bf5 9. Qc1 h6 10. h3 g5 11. Be5 Nxe5 12. Nxe5 Nd7 13. Nxd7 Bxd7 14. Nd2 h5 15.
Qc2 Bg7 16. e4 e6 17. b3 cxb3 18. axb3 dxe4 19. Nxe4 Bc6 20. Nd6+ Ke7 21. Nc4
Qc7 22. Qd2 Bf6 23. Ne3 Ke8 24. Qd1 Rd8 25. Rc1 b5 26. Bxh5 b4 27. O-O bxc3 28.
Qg4 Rxd4 29. Qxe6+ Qe7 30. Qxc6+ Rd7 31. Bg4 a5 32. Qxd7+ Qxd7 33. Bxd7+ Kxd7
34. Rfd1+ Kc7 35. Nd5+ Kc6 36. Nxf6 Kb5 37. Rxc3 Kb6 38. Rcd3 g4 39. Nxg4 f5
40. Ne3 f4 41. Nd5+ Kb5 42. Nxf4 Rc8 43. Rd5+ Kb6 44. Rd6+ Kb5 45. R1d5+ Rc5
46. Rxc5+ Kxc5 47. Rd5+ Kb4 48. h4 Kxb3 49. Rxa5 Kb4 50. h5 Kxa5 51. h6 Kb5 52.
h7 Kc6 53. h8=Q Kb5 54. Qc3 Ka4 55. Qb2 Ka5 56. Qb3 Ka6 57. Qb4 Ka7 58. Qb5 Ka8
59. Kf1 1-0

[Event "DEM U14w 2011"]
[Site "Oberhof GER"]
[Date "2011.06.18"]
[Round "9"]
[White "Paliy, Margaryta"]
[Black "Krein, Jana"]
[Result "0-1"]
[Termination "normal"]
[Board "13"]
[WhiteElo "1237"]
[BlackElo "1213"]
[PlyCount "106"]
[WhiteFideId "24692417"]
[BlackFideId "12937762"]
[EventCountry "GER"]
[EventRounds "9"]
[EventType "swiss"]
[EventDate "2011.06.11"]

1. e4 e5 2. Nf3 Nc6 3. Nc3 Nf6 4. Bb5 a6 5. Bxc6 bxc6 6. Nxe5 Bb7 7. d3 Bc5 8.
Nf3 O-O 9. O-O Re8 10. Bg5 d6 11. Re1 h6 12. Bh4 Re6 13. d4 Bb6 14. e5 dxe5 15.
dxe5 Qxd1 16. Raxd1 Nd5 17. Nxd5 cxd5 18. b3 Rae8 19. h3 Rg6 20. Bg3 Rxg3 21.
Nd4 Bxd4 22. Rxd4 Rc3 23. Re2 Re6 24. Kf1 c5 25. Rdd2 a5 26. Ke1 Ba6 27. Re3
Rxe3+ 28. fxe3 Rxe5 29. Kf2 c4 30. Kf3 cxb3 31. cxb3 Rf5+ 32. Kg4 Rg5+ 33. Kf4
Bb7 34. g4 Rg6 35. Rd4 Rf6+ 36. Kg3 Re6 37. Kf4 Re4+ 38. Rxe4 dxe4 39. Ke5 Kf8
40. Kd6 g6 41. Kc7 Ba6 42. Kb6 Bf1 43. Kxa5 Bxh3 44. b4 Bxg4 45. b5 h5 46. b6
Bc8 47. Kb5 Ke8 48. a4 h4 49. a5 h3 50. a6 Kd7 51. b7 Bxb7 52. axb7 Kc7 53. Ka6
Kb8 0-1

[Event "DEM U14w 2011"]
[Site "Oberhof GER"]
[Date "2011.06.18"]
[Round "9"]
[White "Bohdjalian, Roxanne"]
[Black "Klinge, Alexandra"]
[Result "0-1"]
[Termination "normal"]
[Board "14"]
[WhiteElo "993"]
[BlackElo "1127"]
[PlyCount "112"]
[WhiteFideId "12937789"]
[EventCountry "GER"]
[EventRounds "9"]
[EventType "swiss"]
[EventDate "2011.06.11"]

1. e4 e5 2. d4 exd4 3. Qxd4 Nc6 4. Qe3 d6 5. Bd2 Be7 6. Nc3 Be6 7. Nd5 Qd7 8.
Bc4 Nf6 9. h3 Ne5 10. Bb5 c6 11. Nxf6+ Bxf6 12. Ba4 Nc4 13. Qe2 Nxb2 14. Bb3
O-O 15. c3 c5 16. Rb1 Na4 17. Nf3 Nxc3 18. Bxc3 Bxc3+ 19. Nd2 d5 20. O-O Bxd2
21. Qxd2 dxe4 22. Qe3 Bxb3 23. Rxb3 Qd5 24. f3 exf3 25. Rxf3 Rfe8 26. Qf4 f6
27. Qc7 b6 28. h4 Re1+ 29. Kf2 Rae8 30. Rb2 Qd4+ 31. Kg3 Qxb2 32. h5 Qe5+ 33.
Qxe5 fxe5 34. Ra3 Ra8 35. Kf2 Rd1 36. g4 e4 37. g5 Rd3 38. Ra4 Rd4 39. Ra3 b5
40. g6 hxg6 41. hxg6 a5 42. Rc3 Rc4 43. Rg3 Rc2+ 44. Ke1 Rxa2 45. Rg5 Ra1+ 46.
Ke2 Rc8 47. Re5 b4 48. Rxe4 b3 49. Kd2 b2 50. Ke2 b1=Q 51. Re5 Qe1+ 52. Kd3
Qxe5 53. Kd2 Rd8+ 54. Kc2 Qd4 55. Kb3 a4+ 56. Kc2 Qd2# 0-1

[Event "DEM U10 2011"]
[Site "Oberhof GER"]
[Date "2011.06.12"]
[Round "2"]
[White "Tong, Kevin"]
[Black "Gungl, Theo"]
[Result "0-1"]
[Termination "normal"]
[Board "1"]
[WhiteElo "1345"]
[BlackElo "1736"]
[PlyCount "156"]
[WhiteFideId "12913944"]
[BlackFideId "24695653"]
[EventCountry "GER"]
[EventRounds "11"]
[EventType "swiss"]
[EventDate "2011.06.11"]

1. e4 e6 2. d4 d5 3. Nc3 Bb4 4. exd5 exd5 5. Bd3 Nc6 6. a3 Ba5 7. Be3 Nf6 8.
Nge2 O-O 9. O-O Re8 10. Bg5 Be6 11. Na4 Bb6 12. Nxb6 cxb6 13. Re1 h6 14. Bf4
Rc8 15. c3 Qd7 16. Qd2 Na5 17. Qd1 Nc4 18. Bxc4 Rxc4 19. Ng3 Rcc8 20. Be5 Ng4
21. Bf4 Qd8 22. f3 Nf6 23. Be5 Nd7 24. Bf4 Nf8 25. Rc1 Ng6 26. Be3 Bd7 27. Qb3
Bc6 28. Bd2 Qd7 29. Qc2 Rxe1+ 30. Rxe1 Re8 31. Qd1 Rxe1+ 32. Qxe1 Qe8 33. Qxe8+
Bxe8 34. Kf2 Kf8 35. f4 Bd7 36. Kf3 Nh4+ 37. Kf2 Nf5 38. Nxf5 Bxf5 39. h3 Ke7
40. g4 Be4 41. h4 Kd7 42. g5 h5 43. Ke3 Kc6 44. c4 Bf5 45. b3 Be6 46. Kd3 g6
47. Be1 Bf5+ 48. Ke3 Bc2 49. cxd5+ Kxd5 50. b4 Kc4 51. Bd2 Kb3 52. Bc1 Bf5 53.
Kd2 Be6 54. Kd3 Bd5 55. Kd2 a5 56. bxa5 bxa5 57. Kd3 b5 58. Kd2 a4 59. Kd3 b4
60. axb4 a3 61. Bd2 Bc4+ 62. Ke4 a2 63. d5 a1=Q 64. d6 Qa8+ 65. Ke5 Qd5+ 66.
Kf6 Qxd6+ 67. Kg7 Qxd2 68. Kh7 Qxf4 69. Kg7 Qe5+ 70. Kh7 Qe8 71. Kg7 Kc3 72. b5
Kd4 73. b6 Ke5 74. b7 Kf5 75. Kh7 f6 76. b8=Q Qxb8 77. gxf6 Qg8+ 78. Kh6 Qh8#
0-1

[Event "DEM U10 2011"]
[Site "Oberhof GER"]
[Date "2011.06.12"]
[Round "2"]
[White "Baberz, Alexander"]
[Black "Schneider, Jana"]
[Result "1-0"]
[Termination "normal"]
[Board "2"]
[WhiteElo "1854"]
[BlackElo "1347"]
[PlyCount "93"]
[WhiteFideId "12921734"]
[BlackFideId "12924997"]
[EventCountry "GER"]
[EventRounds "11"]
[EventType "swiss"]
[EventDate "2011.06.11"]

1. d4 d5 2. Nf3 Nf6 3. c3 e6 4. Bg5 Be7 5. e3 Nc6 6. Nbd2 Bd7 7. Bd3 O-O 8. Ne5
Nxe5 9. dxe5 Ne8 10. Bxe7 Qxe7 11. f4 c5 12. Qe2 Nc7 13. O-O a6 14. Rf3 h6 15.
Rg3 b5 16. Qh5 Kh8 17. Nf3 f6 18. Nh4 Qf7 19. Ng6+ Kg8 20. exf6 Rfe8 21. fxg7
e5 22. Qxh6 Qxg7 23. Nxe5 Re7 24. Rxg7+ Rxg7 25. Nxd7 Rxd7 26. Bf5 Rg7 27. Be6+
Nxe6 28. Qxe6+ Kh8 29. Qxd5 Rag8 30. Qh5+ Rh7 31. Qe5+ Rhg7 32. Rd1 c4 33. Rd6
Rf8 34. Rh6+ Kg8 35. Qh5 Rd7 36. Rh8+ Kg7 37. Qh7+ Kf6 38. Rxf8+ Ke6 39. Re8+
Kd6 40. Qg6+ Kc7 41. Qxa6 Rd1+ 42. Kf2 Rd2+ 43. Ke1 Rd6 44. Qc8+ Kb6 45. Qb8+
Kc5 46. Qc7+ Kd5 47. Re5# 1-0

[Event "DEM U10 2011"]
[Site "Oberhof GER"]
[Date "2011.06.12"]
[Round "2"]
[White "Wong, Gengchun"]
[Black "Schmidek, Emil"]
[Result "0-1"]
[Termination "normal"]
[Board "3"]
[WhiteElo "1337"]
[BlackElo "1719"]
[PlyCount "24"]
[WhiteFideId "12963283"]
[BlackFideId "12908150"]
[EventCountry "GER"]
[EventRounds "11"]
[EventType "swiss"]
[EventDate "2011.06.11"]

1. e4 e5 2. Nf3 Nc6 3. Bb5 a6 4. Bxc6 dxc6 5. O-O Bg4 6. h3 h5 7. d3 Qf6 8.
hxg4 hxg4 9. g3 gxf3 10. Be3 g5 11. d4 Qh6 12. Qxf3 Qh2# 0-1

[Event "DEM U10 2011"]
[Site "Oberhof GER"]
[Date "2011.06.12"]
[Round "2"]
[White "Reuker, Jari"]
[Black "Silber, Kevin"]
[Result "1-0"]
[Termination "normal"]
[Board "4"]
[WhiteElo "1647"]
[BlackElo "1341"]
[PlyCount "109"]
[WhiteFideId "12909300"]
[BlackFideId "12930440"]
[EventCountry "GER"]
[EventRounds "11"]
[EventType "swiss"]
[EventDate "2011.06.11"]

1. e4 c6 2. c4 e5 3. Nc3 Bc5 4. Nf3 d6 5. d4 exd4 6. Nxd4 Nf6 7. Bg5 Bxd4 8.
Qxd4 c5 9. Qd2 Be6 10. O-O-O Nbd7 11. Qxd6 Qb6 12. Nb5 Qxd6 13. Nxd6+ Kf8 14.
g3 Rb8 15. b3 h6 16. Bxf6 Nxf6 17. Bg2 b6 18. h3 Ke7 19. Rhe1 g6 20. g4 Rhg8
21. f4 Ne8 22. Nf5+ gxf5 23. exf5 Kf6 24. fxe6 fxe6 25. Rd7 Rg7 26. Red1 Rxd7
27. Rxd7 a5 28. Kd2 e5 29. fxe5+ Kxe5 30. Rh7 Rd8+ 31. Kc2 Rd6 32. Re7+ Re6 33.
Rxe6+ Kxe6 34. Kd3 Ke5 35. Ke3 Nc7 36. h4 Ne6 37. Bd5 Nf4 38. h5 Nxd5+ 39. cxd5
Kxd5 40. g5 Ke6 41. gxh6 Kf7 42. Kd3 b5 43. Ke4 a4 44. bxa4 bxa4 45. Kd5 Kg8
46. Kxc5 Kh7 47. Kb4 a3 48. Kxa3 Kxh6 49. Kb4 Kxh5 50. a4 Kg6 51. a5 Kf6 52. a6
Ke5 53. a7 Kd6 54. a8=Q Ke5 55. Kc4 1-0

[Event "DEM U10 2011"]
[Site "Oberhof GER"]
[Date "2011.06.12"]
[Round "2"]
[White "Petersen, Marcel"]
[Black "Poghosyan, Tigran"]
[Result "0-1"]
[Termination "normal"]
[Board "5"]
[WhiteElo "1330"]
[BlackElo "1685"]
[PlyCount "62"]
[WhiteFideId "12935670"]
[BlackFideId "12909319"]
[EventCountry "GER"]
[EventRounds "11"]
[EventType "swiss"]
[EventDate "2011.06.11"]

1. e4 c5 2. Nf3 d6 3. d4 cxd4 4. Nxd4 Nf6 5. Nc3 a6 6. Be3 e5 7. Nb3 Be7 8. Be2
O-O 9. Qd2 Be6 10. f3 b5 11. g4 Nbd7 12. h4 Nb6 13. Na5 Qc7 14. Bxb6 Qxb6 15.
Nb3 Rfd8 16. O-O-O d5 17. exd5 Nxd5 18. Nxd5 Bxd5 19. Qc3 e4 20. Qd4 Qxd4 21.
Nxd4 Rac8 22. f4 Bxa2 23. Nf5 Bc5 24. Rh3 g6 25. Nh6+ Kg7 26. g5 Be6 27. Rc3
Rxd1+ 28. Bxd1 Bd6 29. Bg4 Bxf4+ 30. Kb1 Rxc3 31. bxc3 Bc4 0-1

[Event "DEM U10 2011"]
[Site "Oberhof GER"]
[Date "2011.06.12"]
[Round "2"]
[White "Mätzkow, Maximilian Paul"]
[Black "Piskaykin, Bogdan"]
[Result "1-0"]
[Termination "normal"]
[Board "6"]
[WhiteElo "1597"]
[BlackElo "1329"]
[PlyCount "97"]
[WhiteFideId "24679933"]
[BlackFideId "12941212"]
[EventCountry "GER"]
[EventRounds "11"]
[EventType "swiss"]
[EventDate "2011.06.11"]

1. e4 c5 2. Nf3 d6 3. d4 cxd4 4. Nxd4 Nf6 5. Nc3 a6 6. Be3 e6 7. Be2 Be7 8. O-O
O-O 9. a4 Nc6 10. f4 Bd7 11. Bf3 Qc7 12. Qe1 Nxd4 13. Bxd4 Rfe8 14. Rd1 Red8
15. Qg3 Ne8 16. Qf2 Qb8 17. Bb6 Nc7 18. Kh1 Bc6 19. Rfe1 Bf6 20. Ba5 Bxc3 21.
Bxc3 Bxa4 22. Qd4 e5 23. Qxa4 exf4 24. Qd4 Ne6 25. Qd2 b5 26. Bg4 Qc7 27. Bxe6
fxe6 28. Qxf4 Rd7 29. Rd2 e5 30. Qg4 Rf7 31. Qe6 Qc4 32. Rxd6 Qxe6 33. Rxe6
Raf8 34. Kg1 Rf2 35. Rxe5 Rxc2 36. Rd1 Rcf2 37. Re7 R2f7 38. Rxf7 Kxf7 39. Rf1+
Kg8 40. Rxf8+ Kxf8 41. Kf2 Kf7 42. Kf3 g6 43. Kf4 Ke6 44. Kg5 b4 45. Bxb4 Ke5
46. Kh6 Kxe4 47. Kxh7 Ke3 48. Kxg6 Kf2 49. h4 1-0

[Event "DEM U10 2011"]
[Site "Oberhof GER"]
[Date "2011.06.12"]
[Round "2"]
[White "Kuhn, Magnus"]
[Black "Ott, Josef Sebastian"]
[Result "1-0"]
[Termination "normal"]
[Board "7"]
[WhiteElo "1579"]
[BlackElo "1327"]
[PlyCount "59"]
[WhiteFideId "12926345"]
[BlackFideId "12952079"]
[EventCountry "GER"]
[EventRounds "11"]
[EventType "swiss"]
[EventDate "2011.06.11"]

1. e4 e6 2. d4 d5 3. e5 c5 4. c3 Nc6 5. Nf3 Bd7 6. Be2 f6 7. O-O cxd4 8. cxd4
fxe5 9. Nxe5 Nxe5 10. dxe5 Bc5 11. Bd3 g6 12. Nc3 Qe7 13. Qc2 O-O-O 14. b4 Bxb4
15. Nxd5+ Qc5 16. Nxb4 Qxc2 17. Nxc2 Ba4 18. Be4 Ne7 19. Bg5 Rd7 20. Bxe7 Rxe7
21. Rfd1 Rc7 22. Rdc1 Kb8 23. Nd4 Re8 24. Rxc7 Kxc7 25. Rc1+ Kb6 26. Kf1 Rd8
27. Rb1+ Ka5 28. Nf3 Bb5+ 29. Ke1 Kb6 30. a4 1-0

[Event "DEM U10 2011"]
[Site "Oberhof GER"]
[Date "2011.06.12"]
[Round "2"]
[White "Martin, Julian"]
[Black "Fieberg, Samuel"]
[Result "1-0"]
[Termination "normal"]
[Board "8"]
[WhiteElo "1321"]
[BlackElo "1762"]
[PlyCount "71"]
[WhiteFideId "12941000"]
[BlackFideId "12901717"]
[EventCountry "GER"]
[EventRounds "11"]
[EventType "swiss"]
[EventDate "2011.06.11"]

1. e4 e5 2. Nf3 Nc6 3. d4 exd4 4. Bc4 Nf6 5. e5 d5 6. Bb5 Ne4 7. Nxd4 Bd7 8.
Bxc6 bxc6 9. O-O Bc5 10. Be3 Qe7 11. f3 Nd6 12. Bf2 Nf5 13. c3 O-O 14. f4 f6
15. Re1 Bb6 16. e6 Bxd4 17. cxd4 Bxe6 18. g4 Nxd4 19. Bxd4 c5 20. Bf2 Qd6 21.
f5 Bf7 22. Bg3 Qb6 23. Qb3 Qc6 24. Qf3 Rab8 25. b3 Qb6 26. Qf2 d4 27. Nd2 Bd5
28. Rac1 a5 29. Nc4 Qb7 30. Nxa5 Qa7 31. Nc4 Rfd8 32. Re7 Rb7 33. Qe2 Qa8 34.
Bxc7 Rxc7 35. Rxc7 Bf3 36. Qe7 1-0

[Event "DEM U10 2011"]
[Site "Oberhof GER"]
[Date "2011.06.12"]
[Round "2"]
[White "Laubrock, Paul"]
[Black "Rockmann, Jan-Okke"]
[Result "1-0"]
[Termination "normal"]
[Board "9"]
[WhiteElo "1546"]
[BlackElo "1294"]
[PlyCount "125"]
[WhiteFideId "1270509"]
[BlackFideId "12942111"]
[EventCountry "GER"]
[EventRounds "11"]
[EventType "swiss"]
[EventDate "2011.06.11"]

1. d4 d5 2. Bf4 Nf6 3. e3 e6 4. Nf3 Bd6 5. Bg3 O-O 6. Bd3 c5 7. c3 Nc6 8. Nbd2
Re8 9. Ne5 Qc7 10. f4 Nd7 11. O-O g6 12. Bh4 Qb6 13. Rf2 Be7 14. Bxe7 Nxe7 15.
Ndf3 Nf5 16. Bxf5 exf5 17. Qa4 Nf6 18. dxc5 Qxc5 19. Qd4 Ne4 20. Rff1 Qxd4 21.
exd4 b6 22. Rad1 Ba6 23. Rfe1 f6 24. Nd3 Bc4 25. a3 Bb3 26. Rc1 b5 27. Nc5 Nxc5
28. dxc5 Rxe1+ 29. Rxe1 Rc8 30. Nd4 Bc4 31. b4 Kf7 32. Kf2 a6 33. Re6 Ra8 34.
Rb6 a5 35. Nxb5 axb4 36. cxb4 Bxb5 37. Rxb5 Rxa3 38. c6 Ra2+ 39. Kg3 Ra3+ 40.
Kh4 Ke6 41. Rc5 Ra8 42. b5 Kd6 43. b6 Kxc5 44. b7 Ra4 45. b8=Q g5+ 46. Kh5 Rxf4
47. Qxf4 gxf4 48. c7 Kd4 49. c8=Q Ke4 50. Qc2+ Ke5 51. Kh6 Kd4 52. Qxf5 Ke3 53.
Qxd5 f5 54. Qxf5 Kf2 55. Qxf4+ Kxg2 56. Qe3 Kxh2 57. Qg5 Kh3 58. Kxh7 Kh2 59.
Kg6 Kh3 60. Kf5 Kh2 61. Kf4 Kh1 62. Kf3 Kh2 63. Qg2# 1-0

[Event "DEM U10 2011"]
[Site "Oberhof GER"]
[Date "2011.06.12"]
[Round "2"]
[White "Schröter, Ron"]
[Black "Kölz, Niklas"]
[Result "1/2-1/2"]
[Termination "normal"]
[Board "10"]
[WhiteElo "1291"]
[BlackElo "1479"]
[PlyCount "60"]
[WhiteFideId "12941727"]
[BlackFideId "12971758"]
[EventCountry "GER"]
[EventRounds "11"]
[EventType "swiss"]
[EventDate "2011.06.11"]

1. e4 c5 2. Nf3 e6 3. d4 cxd4 4. Nxd4 a6 5. Nc3 Qc7 6. Bd3 Nf6 7. O-O d6 8. Re1
Nbd7 9. f4 Be7 10. f5 Ne5 11. fxe6 fxe6 12. Be2 O-O 13. Kh1 d5 14. exd5 exd5
15. h3 Bc5 16. Bf4 Bxd4 17. Qxd4 Nc6 18. Nxd5 Nxd5 19. Qxd5+ Qf7 20. Qxf7+ Kxf7
21. Bc4+ Kg6 22. Rf1 Bf5 23. c3 Rad8 24. Rf3 h6 25. Rg3+ Kh7 26. Re1 Bxh3 27.
Bc7 Rd7 28. Rxh3 Rxc7 29. Bd3+ Kh8 30. Rf3 Rcc8 1/2-1/2

[Event "DEM U10 2011"]
[Site "Oberhof GER"]
[Date "2011.06.12"]
[Round "2"]
[White "Buckels, Valentin"]
[Black "Schnabel, Bennett"]
[Result "1-0"]
[Termination "normal"]
[Board "11"]
[WhiteElo "1475"]
[BlackElo "1289"]
[PlyCount "93"]
[WhiteFideId "12942766"]
[BlackFideId "12943290"]
[EventCountry "GER"]
[EventRounds "11"]
[EventType "swiss"]
[EventDate "2011.06.11"]

1. d4 d5 2. c4 e6 3. Nf3 c6 4. Nc3 Bd6 5. Bg5 Ne7 6. e3 O-O 7. Bd3 f6 8. Bh4
Re8 9. Bg3 Bxg3 10. hxg3 Nd7 11. Bxh7+ Kf8 12. Bd3 Qc7 13. Qc2 f5 14. Ng5 Nf6
15. cxd5 cxd5 16. Nb5 Qxc2 17. Bxc2 Bd7 18. Nc7 Rec8 19. Rh8+ Neg8 20. Ncxe6+
Bxe6 21. Nxe6+ Ke7 22. Bxf5 g6 23. Bh3 Rc2 24. Nc5 Rxb2 25. Nd3 Rc2 26. Kd1 Rc3
27. Nf4 g5 28. Ng6+ Kf7 29. Bf5 a5 30. Kd2 Ra3 31. Ne5+ Kg7 32. Rhh1 Ne7 33.
Bd3 Rc8 34. Rhc1 Rxc1 35. Kxc1 Nc6 36. Nxc6 bxc6 37. Bc2 Ng4 38. Kb2 Rxe3 39.
fxe3 Nxe3 40. Re1 Nxg2 41. Re6 Kf7 42. Re2 Nh4 43. gxh4 gxh4 44. Rh2 Ke6 45.
Rxh4 Kd6 46. Rh6+ Kc7 47. Ba4 1-0

[Event "DEM U10 2011"]
[Site "Oberhof GER"]
[Date "2011.06.12"]
[Round "2"]
[White "Sanati, Charlotte"]
[Black "Renger, Niklas"]
[Result "1/2-1/2"]
[Termination "normal"]
[Board "12"]
[WhiteElo "1284"]
[BlackElo "1452"]
[PlyCount "48"]
[WhiteFideId "12907707"]
[BlackFideId "12908096"]
[EventCountry "GER"]
[EventRounds "11"]
[EventType "swiss"]
[EventDate "2011.06.11"]

1. e4 c5 2. Nc3 Nc6 3. g3 g6 4. Bg2 Bg7 5. d3 e6 6. Be3 b6 7. Nf3 Nge7 8. O-O
O-O 9. Qd2 d5 10. Bh6 Bb7 11. Rad1 d4 12. Ne2 Re8 13. Bxg7 Kxg7 14. Ng5 Qd7 15.
Qf4 f6 16. Nf3 e5 17. Qd2 Qe6 18. b3 b5 19. c3 a5 20. Rb1 b4 21. c4 a4 22. Ra1
axb3 23. axb3 Na5 24. Qc2 Ra6 1/2-1/2

[Event "DEM U10 2011"]
[Site "Oberhof GER"]
[Date "2011.06.12"]
[Round "2"]
[White "Reimann, Sebastian"]
[Black "Shen, Julian"]
[Result "1/2-1/2"]
[Termination "normal"]
[Board "13"]
[WhiteElo "1442"]
[BlackElo "1273"]
[PlyCount "74"]
[WhiteFideId "12928054"]
[BlackFideId "12942898"]
[EventCountry "GER"]
[EventRounds "11"]
[EventType "swiss"]
[EventDate "2011.06.11"]

1. e4 e5 2. Nf3 d6 3. d4 exd4 4. Nxd4 Nf6 5. Nc3 Be7 6. Bc4 O-O 7. O-O Nbd7 8.
Bf4 Nb6 9. Be2 Be6 10. Bg3 Qd7 11. Nxe6 fxe6 12. e5 dxe5 13. Bxe5 Rad8 14. Qxd7
Rxd7 15. Rad1 Rfd8 16. Rxd7 Rxd7 17. Rd1 c6 18. Kf1 Rxd1+ 19. Nxd1 Nbd5 20. c4
Nb6 21. b3 Kf7 22. Bf3 g5 23. Ne3 Bc5 24. Ke2 Kg6 25. Kd3 Bxe3 26. Kxe3 Kf5 27.
Bd4 e5 28. Bxb6 axb6 29. h3 e4 30. g4+ Ke5 31. Bd1 h6 32. Bc2 b5 33. a4 b4 34.
Bb1 b6 35. Bc2 c5 36. Bb1 h5 37. gxh5 Nxh5 1/2-1/2

[Event "DEM U10 2011"]
[Site "Oberhof GER"]
[Date "2011.06.12"]
[Round "2"]
[White "Zieschank, Leon"]
[Black "Mantel, Ruben"]
[Result "0-1"]
[Termination "normal"]
[Board "14"]
[WhiteElo "1236"]
[BlackElo "1437"]
[PlyCount "64"]
[BlackFideId "12930121"]
[EventCountry "GER"]
[EventRounds "11"]
[EventType "swiss"]
[EventDate "2011.06.11"]

1. e4 e6 2. Nf3 d5 3. Nc3 Nf6 4. d3 Bb4 5. Qe2 d4 6. a3 Ba5 7. b4 Bb6 8. Na4
O-O 9. Nxb6 cxb6 10. Bg5 Qc7 11. Bxf6 Qc3+ 12. Qd2 Qxa1+ 13. Ke2 gxf6 14. Qf4
Qc3 15. Kd1 Bd7 16. Qxf6 Rc8 17. Qg5+ Kf8 18. Qh6+ Ke8 19. Ne1 Ba4 20. Qc1 Nd7
21. f4 Rc6 22. Qd2 Rac8 23. Ke2 Qxd2+ 24. Kxd2 Bxc2 25. Nxc2 Rxc2+ 26. Ke1 Rb2
27. Be2 Rc1+ 28. Bd1 Nf6 29. h3 Nh5 30. g4 Nxf4 31. h4 Ng2+ 32. Kf1 Rxd1# 0-1

[Event "DEM U10 2011"]
[Site "Oberhof GER"]
[Date "2011.06.12"]
[Round "2"]
[White "Wierzbicki, Jirawat"]
[Black "Schirra, Maurice"]
[Result "1-0"]
[Termination "normal"]
[Board "15"]
[WhiteElo "1405"]
[BlackElo "1226"]
[PlyCount "117"]
[WhiteFideId "1153579"]
[BlackFideId "12941115"]
[EventCountry "GER"]
[EventRounds "11"]
[EventType "swiss"]
[EventDate "2011.06.11"]

1. e4 e5 2. Nf3 Nf6 3. Nc3 Nc6 4. d4 exd4 5. Nxd4 Bc5 6. Nxc6 bxc6 7. Bg5 d6 8.
Qf3 Bd4 9. Bc4 O-O 10. O-O Qd7 11. Rfe1 Re8 12. Rad1 Be5 13. h3 Rb8 14. Bb3 h6
15. Bh4 Rb4 16. a3 Rd4 17. Rxd4 Bxd4 18. Ba4 Bb7 19. Bb3 Be5 20. Qd3 Kf8 21.
Bg3 Bxg3 22. Qxg3 Qe7 23. Qe3 Ra8 24. e5 dxe5 25. Qxe5 Qxe5 26. Rxe5 Re8 27.
Rxe8+ Kxe8 28. Kf1 Nd7 29. Ke2 f6 30. g3 Nc5 31. Bc4 Ba6 32. Bxa6 Nxa6 33. Kd3
Nc5+ 34. Kc4 Na6 35. Na4 Kd7 36. Nc5+ Nxc5 37. Kxc5 a6 38. b4 g6 39. g4 g5 40.
f3 Ke6 41. Kxc6 Ke5 42. Kxc7 Kf4 43. Kb6 Kxf3 44. c4 Kg3 45. c5 Kxh3 46. c6
Kxg4 47. c7 f5 48. c8=Q h5 49. Kxa6 h4 50. b5 h3 51. Qc6 f4 52. b6 f3 53. b7 f2
54. Qh1 Kh4 55. b8=Q g4 56. Qf4 Kh5 57. Qd5+ Kh4 58. Qxf2+ g3 59. Qf4# 1-0

[Event "DEM U10 2011"]
[Site "Oberhof GER"]
[Date "2011.06.12"]
[Round "2"]
[White "Hausdorf, Lars"]
[Black "Hoffmann, Fabian"]
[Result "0-1"]
[Termination "normal"]
[Board "16"]
[WhiteElo "1198"]
[BlackElo "1424"]
[PlyCount "58"]
[WhiteFideId "16200390"]
[BlackFideId "12964891"]
[EventCountry "GER"]
[EventRounds "11"]
[EventType "swiss"]
[EventDate "2011.06.11"]

1. e4 e5 2. Nf3 Nc6 3. Nc3 Nf6 4. Bb5 d6 5. d4 exd4 6. Nxd4 Bd7 7. O-O g6 8.
Bg5 Bg7 9. f4 Qc8 10. Qd3 O-O 11. Rae1 Nxd4 12. Bxd7 Nxd7 13. Nd5 Nc6 14. b4 h6
15. Bh4 Nb6 16. b5 Nxd5 17. Qxd5 Na5 18. f5 g5 19. Bg3 Bf6 20. e5 dxe5 21. Bxe5
Bxe5 22. Qxe5 Re8 23. Qf6 Rxe1 24. Rxe1 Qf8 25. Re7 Re8 26. Rxe8 Qxe8 27. Kf2
Nc4 28. Qxh6 Qe3+ 29. Kf1 Nd2# 0-1

[Event "DEM U10 2011"]
[Site "Oberhof GER"]
[Date "2011.06.12"]
[Round "2"]
[White "Savchenko, Daniel"]
[Black "Keymer, Vincent"]
[Result "1-0"]
[Termination "normal"]
[Board "17"]
[WhiteElo "1411"]
[BlackElo "1192"]
[PlyCount "69"]
[WhiteFideId "12919195"]
[BlackFideId "12940690"]
[EventCountry "GER"]
[EventRounds "11"]
[EventType "swiss"]
[EventDate "2011.06.11"]

1. e4 c5 2. Nf3 e6 3. d4 cxd4 4. Nxd4 Nc6 5. Nc3 Nf6 6. Ndb5 d6 7. Bf4 e5 8.
Bg5 Be6 9. Bxf6 gxf6 10. Nd5 Bxd5 11. Qxd5 a6 12. Bc4 Qd7 13. Na3 Bh6 14. Bb3
Rd8 15. Nc4 Qc7 16. c3 O-O 17. Rd1 Rd7 18. Qd3 Rfd8 19. Qh3 Bg7 20. Ne3 Ne7 21.
Qh5 Ng6 22. Nf5 b5 23. Rd3 Nf4 24. Qf3 Nxd3+ 25. Qxd3 Kh8 26. Qg3 Rg8 27. Qh4
Qd8 28. Qh5 Qe8 29. O-O Rf8 30. Re1 Qc8 31. Re3 Rfd8 32. Rh3 Kg8 33. Qxh7+ Kf8
34. Qxg7+ Ke8 35. Rh8# 1-0

[Event "DEM U10 2011"]
[Site "Oberhof GER"]
[Date "2011.06.12"]
[Round "2"]
[White "Rosenhain, Rachela"]
[Black "Fromm, Katja"]
[Result "1/2-1/2"]
[Termination "normal"]
[Board "18"]
[WhiteElo "1190"]
[BlackElo "1401"]
[PlyCount "96"]
[WhiteFideId "12957615"]
[BlackFideId "12929409"]
[EventCountry "GER"]
[EventRounds "11"]
[EventType "swiss"]
[EventDate "2011.06.11"]

1. e4 c6 2. d4 d5 3. exd5 cxd5 4. Bd3 Nc6 5. c3 Nf6 6. Bf4 Bg4 7. Qb3 Qc8 8.
Nd2 Qe6+ 9. Ne2 Bxe2 10. Bxe2 Qc8 11. O-O e6 12. Qd1 a6 13. Bd3 g6 14. Qf3 Bg7
15. Bd6 Qd7 16. Ba3 Ne7 17. Bc5 O-O 18. c4 Rfe8 19. Rfe1 h6 20. Re2 Kh7 21.
Rae1 Rac8 22. cxd5 Nfxd5 23. Qxf7 Rf8 24. Qxe6 Qxe6 25. Rxe6 Nf4 26. Rxe7 Nxd3
27. R1e3 Nxc5 28. dxc5 Rxc5 29. Rxb7 Rc1+ 30. Nf1 Kh8 31. b4 Rd8 32. g3 Kg8 33.
Kg2 Rdd1 34. Ree7 Bf8 35. Re8 Rxf1 36. Rbb8 g5 37. Rxf8+ Kg7 38. Rh8 Kg6 39.
Rbg8+ Kh5 40. f4 Rg1+ 41. Kh3 gxf4 42. g4+ Rxg4 43. Rxg4 Rc3+ 44. Rg3 fxg3 45.
hxg3 Rc4 46. Rg8 Rc3 47. a4 a5 48. bxa5 Rxg3+ 1/2-1/2